UK lottery numbers Quiz Stats

 Plays Quiz not verified by Sporcle

Challenge
Share
Tweet
Embed
Score 0/49 Timer 02:00
0 Plays Today
Appearances Number % Correct
25638
85.4%
23425
41.5%
23223
36.6%
22811
36.6%
23431
34.1%
2289
34.1%
2216
26.8%
22743
17.1%
22012
14.6%
2011
14.6%
2042
12.2%
2073
9.8%
2034
9.8%
1945
9.8%
21944
7.3%
1997
7.3%
17113
7.3%
22033
4.9%
20222
4.9%
2018
4.9%
21445
2.4%
21447
2.4%
21010
2.4%
21340
0%
21228
0%
Appearances Number % Correct
21235
0%
21130
0%
21032
0%
20948
0%
20839
0%
20724
0%
20742
0%
20517
0%
20527
0%
20429
0%
20246
0%
20249
0%
20137
0%
20014
0%
20026
0%
19921
0%
19818
0%
19519
0%
19534
0%
19215
0%
19236
0%
18520
0%
17816
0%
17641
0%

You're not logged in!

Compare scores with friends on all Sporcle quizzes.
Join for Free
OR
Log In

You Might Also Like...

Show Comments

Extras

Top Quizzes Today


Score Distribution

Your Account Isn't Verified!

In order to create a playlist on Sporcle, you need to verify the email address you used during registration. Go to your Sporcle Settings to finish the process.

Report this User

Report this user for behavior that violates our Community Guidelines.

Details: